000 00337nam a2200145 a 4500
008 970916s1969||||xx 0 und c
040 _aSNK
_bslo
_cSNK
_eAACR2
100 1 _aHerneck, Friedrich
245 1 0 _aAlbert Einstein
260 _aBratislava
_bSmena
_c1969
300 _a162 s.
020 _c16
044 _axo
_cSK
041 _aslo
999 _c10514
_d10514